[Event "7th team championship of Team Xlink"]
[Site "SchemingMind.com"]
[Date "2011.10.19"]
[Round "-"]
[White "sibelius"]
[Black "Wolli"]
[Result "1-0"]
[WhiteCountry "USA"]
[BlackCountry "GER"]
[WhiteElo "2364"]
[WhiteRD "73"]
[BlackElo "1813"]
[BlackRD "101"]
[GameID "295399"]

1. e4 e6 2. d4 d5 3. Nc3 Nf6 4. Bg5 Be7 5. e5 Nfd7 6. Bxe7 Qxe7 7. f4 O-O 8. Nf3 c5 9. dxc5 Nc6 10. Qd2 Nxc5
11. O-O-O a6 12. Bd3 Bd7 13. Qe3 Nb4 14. Bxh7+ Kxh7 15. Ng5+ Kg6 16. Qg3 f6 17. exf6 Kxf6 18. Rhe1 g6 19. a3 Kg7 20. axb4
1-0

[Event "7th team championship of Team Xlink"]
[Site "SchemingMind.com"]
[Date "2011.10.20"]
[Round "-"]
[White "Wolli"]
[Black "sibelius"]
[Result "0-1"]
[WhiteCountry "GER"]
[BlackCountry "USA"]
[WhiteElo "1759"]
[WhiteRD "92"]
[BlackElo "2372"]
[BlackRD "77"]
[GameID "295400"]

1. c4 c5 2. g3 Nc6 3. Bg2 g6 4. Nc3 Bg7 5. e3 e5 6. Nge2 Nge7 7. O-O O-O 8. a3 d6 9. Rb1 Rb8 10. b4 Bf5
11. d3 a6 12. e4 Be6 13. Be3 cxb4 14. axb4 b5 15. cxb5 axb5 16. f4 Nd4 17. fxe5 dxe5 18. Bf2 Qd6 19. Nxd4 exd4 20. Ne2 Nc6
21. Qc2 Nxb4 22. Qd2 Na2 23. Ra1 Nc3 24. Nf4 b4 25. Nxe6 fxe6 26. Qb2 b3 27. Kh1 Rf7 28. Be1 Rxf1+ 29. Bxf1 Qc6 30. Bh3 Kh8
31. Bg4 Qb5
0-1

[Event "7th team championship of Team Xlink"]
[Site "SchemingMind.com"]
[Date "2011.10.26"]
[Round "-"]
[White "michalis"]
[Black "sibelius"]
[Result "0-1"]
[WhiteCountry "GRE"]
[BlackCountry "USA"]
[WhiteElo "2029"]
[WhiteRD "87"]
[BlackElo "2364"]
[BlackRD "73"]
[GameID "295742"]

1. d4 Nf6 2. c4 e6 3. Nc3 Bb4 4. e3 b6 5. Bd3 Bb7 6. Nf3 O-O 7. O-O c5 8. Bd2 d6 9. a3 Bxc3 10. Bxc3 Nbd7
11. Nd2 Qe7 12. b4 Rfc8 13. dxc5 bxc5 14. Qc2 d5 15. Rfd1 cxb4 16. Bxb4 Qe8 17. Rab1 Ne5 18. Bxh7+ Nxh7 19. Bc3 Bc6 20. Bxe5 Ba4
21. Qc3 Bxd1 22. Rxd1 f6 23. Bg3 dxc4 24. h4 Rc6 25. Rc1 Rac8
0-1

[Event "7th team championship of Team Xlink"]
[Site "SchemingMind.com"]
[Date "2011.10.27"]
[Round "-"]
[White "michalis"]
[Black "Wolli"]
[Result "1-0"]
[WhiteCountry "GRE"]
[BlackCountry "GER"]
[WhiteElo "2059"]
[WhiteRD "89"]
[BlackElo "1759"]
[BlackRD "92"]
[GameID "295743"]

1. d4 d5 2. c4 e6 3. Nc3 Be7 4. Nf3 Nf6 5. Bg5 h6 6. Bh4 O-O 7. e3 b6 8. Be2 dxc4 9. Bxc4 Bb7 10. O-O Nbd7
11. Qe2 c5 12. Rfd1 Ne4 13. Nxe4 Bxe4 14. Bg3 Qc8 15. Rac1 a5 16. Ne5 Rd8 17. Nxd7 Rxd7 18. Be5 Bd6 19. Bxd6 Rxd6 20. dxc5 Rxd1+
21. Qxd1 Qxc5 22. Bxe6 Qe5 23. Bb3 Qxb2 24. Rc7 Rf8 25. h3 Qf6 26. f3 Ba8 27. Qc2 Qd8 28. Bxf7+ Rxf7 29. Rc8 Rf8 30. Rxd8
1-0

[Event "7th team championship of Team Xlink"]
[Site "SchemingMind.com"]
[Date "2011.10.27"]
[Round "-"]
[White "sibelius"]
[Black "michalis"]
[Result "1-0"]
[WhiteCountry "USA"]
[BlackCountry "GRE"]
[WhiteElo "2364"]
[WhiteRD "73"]
[BlackElo "2029"]
[BlackRD "87"]
[GameID "295744"]

1. e4 c5 2. Nc3 Nc6 3. f4 g6 4. Nf3 Bg7 5. Bb5 Nf6 6. e5 Ng4 7. O-O O-O 8. Re1 Nd4 9. Nxd4 cxd4 10. Nd5 d6
11. exd6 exd6 12. Ne7+ Kh8 13. Nxc8 Qxc8 14. Bd3 f5 15. Qf3 Qc6 16. Qxc6 bxc6 17. b3 c5 18. Bb2 Nf6 19. Re6 Rfd8 20. Bc4 Rab8
21. a4 a5 22. Rae1 Nh5 23. g3 Bf8 24. Kg2 Ng7 25. Rf6 Rd7 26. c3 dxc3 27. Bxc3 d5 28. Bb5
1-0

[Event "7th team championship of Team Xlink"]
[Site "SchemingMind.com"]
[Date "2011.10.28"]
[Round "-"]
[White "Wolli"]
[Black "michalis"]
[Result "0-1"]
[WhiteCountry "GER"]
[BlackCountry "GRE"]
[WhiteElo "1813"]
[WhiteRD "101"]
[BlackElo "2029"]
[BlackRD "87"]
[GameID "295745"]

1. c4 e5 2. g3 Nc6 3. Bg2 Bc5 4. e3 d6 5. Nc3 Bf5 6. Nge2 Nb4 7. Ne4 Nd3+ 8. Kf1 Nf6 9. Nxc5 dxc5 10. Nc3 O-O
11. h3 Bg6 12. Kg1 c6 13. Bf1 Qd7 14. Kg2 Ne4 15. Nxe4 Bxe4+ 16. f3 Bxf3+
0-1

[Event "7th team championship of Team Xlink"]
[Site "SchemingMind.com"]
[Date "2011.11.03"]
[Round "-"]
[White "Mel-o-rama"]
[Black "sibelius"]
[Result "0-1"]
[WhiteCountry "USA"]
[BlackCountry "USA"]
[WhiteElo "1888"]
[WhiteRD "97"]
[BlackElo "2372"]
[BlackRD "77"]
[GameID "295967"]

1. e4 c5 2. Nf3 g6 3. d4 cxd4 4. Nxd4 Bg7 5. c4 Nc6 6. Be3 Nf6 7. Nc3 Ng4 8. Qxg4 Nxd4 9. Qd1 e5 10. Nb5 d6
11. Nxd4 exd4 12. Bxd4 Qa5+ 13. Ke2 Be5 14. f4 Bg4+
0-1

[Event "7th team championship of Team Xlink"]
[Site "SchemingMind.com"]
[Date "2011.11.03"]
[Round "-"]
[White "Mel-o-rama"]
[Black "Wolli"]
[Result "0-1"]
[WhiteCountry "USA"]
[BlackCountry "GER"]
[WhiteElo "1773"]
[WhiteRD "89"]
[BlackElo "1791"]
[BlackRD "96"]
[GameID "295968"]

1. c4 c5 2. Nc3 Nc6 3. Nf3 Nf6 4. d4 cxd4 5. Nxd4 e6 6. g3 Qb6 7. Nb3 Ne5 8. e4 Bb4 9. Qe2 d6 10. f4 Bxc3+
11. bxc3 Nc6 12. Bg2 Ne7 13. Be3 Qa6 14. c5 Qxe2+ 15. Kxe2 dxc5 16. Nxc5 b6 17. e5 Nfd5 18. Ne4 Ba6+ 19. Kf2 Nf5 20. Bd2 O-O
21. g4 Nfe7 22. Nd6 Nc8 23. Ne4 Rd8 24. Rhd1 Bd3 25. Ng3 Rb8 26. f5 exf5 27. Nxf5 Bxf5 28. gxf5 Nce7 29. c4 Nc7 30. f6 Ng6
31. Bc3 Ne6 32. Bd5 gxf6 33. exf6 Rbc8 34. Bxe6 fxe6 35. Rxd8+ Rxd8 36. Ke3 Kf7 37. Rg1 Rc8 38. Rg4 Rc5 39. Kd3 e5 40. Bb4 Rc7
0-1

[Event "7th team championship of Team Xlink"]
[Site "SchemingMind.com"]
[Date "2011.11.03"]
[Round "-"]
[White "Mel-o-rama"]
[Black "michalis"]
[Result "0-1"]
[WhiteCountry "USA"]
[BlackCountry "GRE"]
[WhiteElo "1821"]
[WhiteRD "92"]
[BlackElo "2060"]
[BlackRD "89"]
[GameID "295969"]

1. e4 c5 2. f4 e6 3. Qe2 Nc6 4. Nf3 Be7 5. g3 d5 6. d3 dxe4 7. dxe4 Nf6 8. Bg2 O-O 9. c3 Qc7 10. O-O e5
11. f5 h6 12. Na3 b6 13. Nc2 Bb7 14. Ne3 Rfd8 15. Rd1 Rxd1+ 16. Nxd1 Rd8 17. Nf2 a5 18. a4 Ra8 19. b3 Ba6 20. c4 Rd8
21. Bb2 Bb7 22. Rd1 Nd7 23. Ng4 Nd4 24. Qd3 Nb8 25. Ngxe5 Nxf3+ 26. Qxf3 Bf6 27. Rxd8+ Qxd8 28. Qd3 Qc7
0-1

[Event "7th team championship of Team Xlink"]
[Site "SchemingMind.com"]
[Date "2011.11.03"]
[Round "-"]
[White "sibelius"]
[Black "Mel-o-rama"]
[Result "1-0"]
[WhiteCountry "USA"]
[BlackCountry "USA"]
[WhiteElo "2363"]
[WhiteRD "79"]
[BlackElo "1821"]
[BlackRD "92"]
[GameID "295970"]

1. e4 c5 2. Nc3 Nc6 3. f4 e6 4. Nf3 d5 5. exd5 exd5 6. Bb5 Nf6 7. O-O Be7 8. Ne5 Bd7 9. Nxd7 Qxd7 10. Re1 O-O
11. b3 a6 12. Bxc6 bxc6 13. Bb2 d4 14. Na4 Qc7 15. Qf3 Bd6 16. g3 Rfe8 17. c3 dxc3 18. Qxc3 Rxe1+ 19. Rxe1 Qa7 20. Qc4 Nd7
21. Re3 a5 22. Qe4 Qc7 23. Rd3 Bf8 24. Kg2 g6 25. Bc3 Bg7 26. Bxg7 Kxg7 27. Qe7 Ra7 28. Rd6 Qb7 29. f5 Qc7 30. f6+ Kg8
31. Qe8+ Nf8 32. Rd8
1-0

[Event "7th team championship of Team Xlink"]
[Site "SchemingMind.com"]
[Date "2011.11.03"]
[Round "-"]
[White "Wolli"]
[Black "Mel-o-rama"]
[Result "1-0"]
[WhiteCountry "GER"]
[BlackCountry "USA"]
[WhiteElo "1764"]
[WhiteRD "97"]
[BlackElo "1806"]
[BlackRD "92"]
[GameID "295971"]

1. c4 e5 2. g3 Nf6 3. Bg2 d5 4. cxd5 Nxd5 5. Nc3 Be6 6. Nf3 Nc6 7. O-O Be7 8. d3 O-O 9. Bd2 Qd7 10. Rc1 Rad8
11. Nxd5 Bxd5 12. a3 f6 13. Re1 e4 14. dxe4 Bxe4 15. Bc3 Qxd1 16. Rexd1 Rxd1+ 17. Rxd1 Rd8 18. Rxd8+ Nxd8 19. Nd4 Bxg2 20. Kxg2 c5
21. Nf5 Kf7 22. Nxe7 Kxe7 23. f4 b6 24. Kf3 Ke6 25. e4 g6 26. h4 h5 27. g4 Nc6 28. f5+ Kf7 29. fxg6+ Kxg6 30. gxh5+ Kxh5
31. Bxf6 Nb8 32. e5 Nd7 33. Ke4 Kg6 34. Kd5 Nxf6+ 35. exf6 Kxf6 36. a4 Kg6 37. Kc4 Kh5 38. Kb5 Kxh4 39. Ka6 Kg5 40. Kxa7 Kf5
41. Kxb6
1-0

[Event "7th team championship of Team Xlink"]
[Site "SchemingMind.com"]
[Date "2011.11.03"]
[Round "-"]
[White "michalis"]
[Black "Mel-o-rama"]
[Result "1-0"]
[WhiteCountry "GRE"]
[BlackCountry "USA"]
[WhiteElo "2060"]
[WhiteRD "89"]
[BlackElo "1821"]
[BlackRD "92"]
[GameID "295972"]

1. d4 Nf6 2. c4 c5 3. d5 b5 4. cxb5 a6 5. b6 d6 6. Nc3 Qxb6 7. Nf3 g6 8. Nd2 Nbd7 9. e4 Bg7 10. Be2 O-O
11. O-O Qc7 12. a4 Rb8 13. Nc4 Ne8 14. a5 Qd8 15. Bg5 Ndf6 16. Qd2 Nc7 17. f3 Bd7 18. Nb6 Bb5 19. Nxb5 Nxb5 20. Bxb5 axb5
21. Rfe1 Nd7 22. Nxd7 Qxd7 23. Kh1 b4 24. Qe2 h6 25. Bf4 Qb5 26. e5 Qxe2 27. Rxe2 g5 28. exd6 gxf4 29. dxe7 Rfe8 30. d6 Bf6
31. a6 Ra8 32. a7 Bxe7 33. Rxe7 Kf8 34. Rae1 Rxe7 35. Rxe7 Rd8 36. Rc7 Kg7 37. d7 Kf6 38. g3
1-0

[Event "7th team championship of Team Xlink"]
[Site "SchemingMind.com"]
[Date "2011.11.23"]
[Round "-"]
[White "reptile"]
[Black "Mel-o-rama"]
[Result "1-0"]
[WhiteCountry "ISR"]
[BlackCountry "USA"]
[WhiteElo "2099"]
[WhiteRD "99"]
[BlackElo "1773"]
[BlackRD "89"]
[GameID "297236"]

1. e4 e5 2. Nf3 Nc6 3. Bc4 Nf6 4. Ng5 d5 5. exd5 Nd4 6. c3 b5 7. Bf1 Nxd5 8. Ne4 Ne6 9. Bxb5+ Bd7 10. Bxd7+ Qxd7
11. O-O f5 12. Ng3 g6 13. d4 exd4 14. Re1 Bg7 15. cxd4 O-O 16. Nc3 Nxd4 17. Nxd5 Qxd5 18. Bf4 c5 19. h4 Qc6 20. h5 h6
21. hxg6 Qxg6 22. Qd3 Ne6 23. Qd5 Rae8 24. Bd6 Rf7 25. Bxc5 Bxb2 26. Rab1 Bg7 27. Bb4 Nc7 28. Qf3 f4 29. Ne4 Nd5 30. Ba3 Bf8
31. Bxf8 Kxf8 32. Nc3 Rxe1+ 33. Rxe1 Nxc3 34. Qxc3 f3 35. Qh8+ Qg8 36. Re8+
1-0

[Event "7th team championship of Team Xlink"]
[Site "SchemingMind.com"]
[Date "2011.11.19"]
[Round "-"]
[White "reptile"]
[Black "sibelius"]
[Result "0-1"]
[WhiteCountry "ISR"]
[BlackCountry "USA"]
[WhiteElo "2066"]
[WhiteRD "100"]
[BlackElo "2363"]
[BlackRD "79"]
[GameID "297237"]

1. d4 Nf6 2. c4 e6 3. Nc3 Bb4 4. e3 b6 5. Ne2 Ba6 6. a3 Bxc3+ 7. bxc3 Bxc4 8. Qa4 b5 9. Qc2 Nc6 10. e4 O-O
11. Ng3 Bxf1 12. Nxf1 d5 13. Ng3 dxe4 14. Bg5 e5 15. Nxe4 exd4 16. Bxf6 gxf6 17. O-O Re8 18. cxd4 Nxd4 19. Qd3 f5 20. Qg3+ Kh8
21. Nc3 c5 22. Rab1 a6 23. Qh3 Qd6 24. Rfd1 Re6 25. g3 b4 26. axb4 cxb4 27. Na4 Rc8 28. Qg2 Rc2 29. Kh1 Ree2 30. Rf1 Kg7
31. Qb7 Rxf2 32. Rxf2 Rxf2
0-1

[Event "7th team championship of Team Xlink"]
[Site "SchemingMind.com"]
[Date "2011.11.20"]
[Round "-"]
[White "reptile"]
[Black "Wolli"]
[Result "1/2-1/2"]
[WhiteCountry "ISR"]
[BlackCountry "GER"]
[WhiteElo "2036"]
[WhiteRD "103"]
[BlackElo "1759"]
[BlackRD "92"]
[GameID "297238"]

1. e4 d6 2. d4 Nf6 3. Nc3 g6 4. f4 Bg7 5. Nf3 O-O 6. Bd3 Na6 7. O-O c5 8. e5 Ng4 9. h3 cxd4 10. Na4 Ne3
11. Bxe3 dxe3 12. Qe1 dxe5 13. fxe5 Bd7 14. Nc3 Qb6 15. Nd5 Qc5 16. Nxe3 Bxe5 17. Nxe5 Qxe5 18. c3 Nc5 19. Bc4 Be6 20. Bxe6 Qxe6
21. Ng4 Qxe1 22. Raxe1 Rfe8 23. Nh6+ Kg7 24. Nxf7=
1/2-1/2

[Event "7th team championship of Team Xlink"]
[Site "SchemingMind.com"]
[Date "2011.11.19"]
[Round "-"]
[White "reptile"]
[Black "michalis"]
[Result "0-1"]
[WhiteCountry "ISR"]
[BlackCountry "GRE"]
[WhiteElo "2036"]
[WhiteRD "103"]
[BlackElo "2059"]
[BlackRD "89"]
[GameID "297239"]

1. d4 Nf6 2. c4 g6 3. Nc3 d5 4. Bf4 Bg7 5. e3 O-O 6. cxd5 Nxd5 7. Nxd5 Qxd5 8. Bxc7 Na6 9. Bxa6 bxa6 10. Nf3 Qb7
11. Bf4 Qxb2 12. O-O Rd8 13. Ne5 Bxe5 14. Bxe5 Bf5 15. Re1 f6 16. Bg3 Kf7 17. Qf3 Rac8 18. e4 Bd7 19. d5 h5 20. e5 Bg4
21. Qe3 Rxd5 22. exf6 Qxf6 23. h3 Bf5 24. Re2 Qxa1+
0-1

[Event "7th team championship of Team Xlink"]
[Site "SchemingMind.com"]
[Date "2011.11.23"]
[Round "-"]
[White "Mel-o-rama"]
[Black "reptile"]
[Result "0-1"]
[WhiteCountry "USA"]
[BlackCountry "ISR"]
[WhiteElo "1773"]
[WhiteRD "89"]
[BlackElo "2099"]
[BlackRD "99"]
[GameID "297240"]

1. c4 Nf6 2. Nc3 e5 3. g3 Bb4 4. Nf3 Nc6 5. Bg2 O-O 6. O-O d6 7. d3 h6 8. Bd2 Be6 9. a3 Bxc3 10. Bxc3 Qd7
11. Re1 Bh3 12. Bh1 Nh7 13. b4 f5 14. b5 Nd8 15. Nd2 Ne6 16. Bxb7 Qd8 17. Bxa8 Qxa8 18. f3 Nhg5 19. e4 a6 20. Kf2 Qa7+
21. Ke2 f4 22. Qc2 Nxf3 23. Nxf3 Bg4 24. Kd1 fxg3 25. hxg3 Rxf3 26. Kc1 axb5 27. cxb5 Nc5 28. Rd1 Rxg3 29. Rd2 Rg1+ 30. Kb2 Rxa1
31. Kxa1 Qxa3+ 32. Kb1 Bd7 33. d4 Qb3+ 34. Qxb3+ Nxb3 35. Rb2 Nxd4 36. Bxd4 exd4 37. Kc2 h5 38. Kd3 h4 39. Kxd4 h3 40. b6 cxb6
41. Rxb6 Kf7 42. Kd5 Ke7 43. e5 dxe5 44. Kxe5 h2
0-1

[Event "7th team championship of Team Xlink"]
[Site "SchemingMind.com"]
[Date "2011.11.19"]
[Round "-"]
[White "sibelius"]
[Black "reptile"]
[Result "1-0"]
[WhiteCountry "USA"]
[BlackCountry "ISR"]
[WhiteElo "2372"]
[WhiteRD "77"]
[BlackElo "2036"]
[BlackRD "103"]
[GameID "297241"]

1. e4 e5 2. Nf3 Nc6 3. d4 exd4 4. Bc4 Nf6 5. e5 Ne4 6. Qe2 Nc5 7. c3 d3 8. Qe3 Ne6 9. Bxd3 d6 10. O-O dxe5
11. Rd1 Bd6 12. Na3 O-O 13. Nc4 Re8 14. Bc2 Nf4 15. Nxd6 cxd6 16. Nxe5 Nh3+ 17. gxh3 Nxe5 18. Qg3 Qf6 19. Be4 h6 20. Be3 Bf5
21. Bxf5 Qxf5 22. Rxd6 Nf3+ 23. Kg2 Ng5 24. Bxg5 hxg5 25. Rad1 Re7 26. Qg4 Qxg4+ 27. hxg4 Rae8 28. Rd8 Kf8 29. R1d7 f6 30. Rxe7 Kxe7
31. Rxe8+ Kxe8 32. Kf3 Kd7 33. Ke4 Ke6 34. c4 g6 35. b4 Kd6 36. f4
1-0

[Event "7th team championship of Team Xlink"]
[Site "SchemingMind.com"]
[Date "2011.11.21"]
[Round "-"]
[White "Wolli"]
[Black "reptile"]
[Result "0-1"]
[WhiteCountry "GER"]
[BlackCountry "ISR"]
[WhiteElo "1759"]
[WhiteRD "92"]
[BlackElo "2036"]
[BlackRD "103"]
[GameID "297242"]

1. c4 Nf6 2. g3 c6 3. Bg2 d5 4. cxd5 cxd5 5. d4 g6 6. Nc3 Bg7 7. Nf3 O-O 8. O-O Nc6 9. Ne5 e6 10. Nxc6 bxc6
11. Bf4 a5 12. Qd2 Re8 13. Na4 Ne4 14. Qc2 Bxd4 15. e3 Bg7 16. Bxe4 dxe4 17. Rad1 Qf6 18. Qxe4 e5
0-1

[Event "7th team championship of Team Xlink"]
[Site "SchemingMind.com"]
[Date "2011.11.18"]
[Round "-"]
[White "michalis"]
[Black "reptile"]
[Result "0-1"]
[WhiteCountry "GRE"]
[BlackCountry "ISR"]
[WhiteElo "2060"]
[WhiteRD "89"]
[BlackElo "2066"]
[BlackRD "100"]
[GameID "297243"]

1. d4 Nf6 2. c4 e6 3. Nc3 Bb4 4. e3 O-O 5. Bd3 d5 6. Nf3 b6 7. O-O Bb7 8. cxd5 exd5 9. a3 Bxc3 10. bxc3 c5
11. dxc5 bxc5 12. Rb1 Qc7 13. Qb3 Bc6 14. c4 d4 15. exd4 Bxf3 16. gxf3 cxd4 17. Qb5 Nbd7 18. Qf5 Rfe8 19. Bf4 Qc5 20. Qxc5 Nxc5
21. Rfd1 Rad8 22. Bg5 Rd6 23. Bf4 Ra6 24. Rb5 Ne6 25. Bc1 Rc6 26. f4 Nc5 27. Bc2 Rec8 28. Ra5 a6 29. Bb2 Ne6 30. Bf5 Rb8
31. Bxe6 fxe6 32. Ba1 Rxc4 33. Rxa6 Rd8 34. Rxe6 Kf7 35. Rb6 d3 36. Bxf6= gxf6 37. Rb4 Rc2
0-1

[Event "7th team championship of Team Xlink"]
[Site "SchemingMind.com"]
[Date "2011.12.02"]
[Round "-"]
[White "jtrochez1"]
[Black "reptile"]
[Result "0-1"]
[WhiteCountry "HON"]
[BlackCountry "ISR"]
[WhiteElo "1625"]
[WhiteRD "51"]
[BlackElo "2069"]
[BlackRD "113"]
[GameID "298055"]

1. e4 e5 2. Nf3 Nf6 3. d3 Nc6 4. h3 d5 5. Bg5 dxe4 6. Bxf6 Qxf6 7. dxe4 Bd7 8. c3 g5 9. Qe2 g4 10. Ng1 h5
11. Nd2 O-O-O 12. O-O-O Bc5 13. f3 Be6 14. Kb1 Qg5 15. h4 Qh6 16. Qf2 Bxf2
0-1

[Event "7th team championship of Team Xlink"]
[Site "SchemingMind.com"]
[Date "2011.12.05"]
[Round "-"]
[White "jtrochez1"]
[Black "Mel-o-rama"]
[Result "0-1"]
[WhiteCountry "HON"]
[BlackCountry "USA"]
[WhiteElo "1553"]
[WhiteRD "50"]
[BlackElo "1806"]
[BlackRD "92"]
[GameID "298056"]

1. e4 e5 2. Nf3 Nc6 3. Bc4 Nf6 4. Ng5 Bc5 5. Bxf7+ Ke7 6. Bh5 h6 7. Nh3 d6 8. d3 Bxh3 9. gxh3 Nxh5 10. Qxh5 Nd4
11. Qd1 Rf8 12. Nd2 Qd7 13. c3 Nc6 14. f3 Qxh3 15. Qe2 Qh4+ 16. Kd1 Nd8 17. Nb3 Ne6 18. Nxc5 Nxc5 19. Rf1 Ne6 20. Be3 Ng5
21. Bxg5+ Qxg5 22. Kc2 Rf4 23. Rg1 Qf6 24. Rg3 Rf8 25. Rf1 g5 26. h3 h5 27. Qg2 Rg8 28. Qe2 h4 29. Rg4 Rf8 30. Rf2 Rxf3
31. Rxf3 Qxf3 32. Qxf3 Rxf3 33. Rxg5 Rxh3 34. Rf5 Rh1 35. Rf2 h3 36. a4 Rg1 37. Rh2 Rg2+
0-1

[Event "7th team championship of Team Xlink"]
[Site "SchemingMind.com"]
[Date "2011.12.02"]
[Round "-"]
[White "jtrochez1"]
[Black "sibelius"]
[Result "0-1"]
[WhiteCountry "HON"]
[BlackCountry "USA"]
[WhiteElo "1626"]
[WhiteRD "49"]
[BlackElo "2372"]
[BlackRD "77"]
[GameID "298057"]

1. e4 c5 2. Nf3 Nc6 3. d4 cxd4 4. Nxd4 e5 5. Nf3 Nf6 6. Bd3 Bc5 7. h3 O-O 8. Qe2 Re8 9. c3 d5 10. Nbd2 Bb6
11. O-O Nh5 12. Nb3 Ng3 13. Qc2 Nxf1 14. Bxf1 h6 15. Bb5 a6 16. Bd3 f5 17. exd5 e4 18. Nfd4 exd3 19. Qd2 Nxd4 20. Nxd4 Bxd4
21. cxd4 Qxd5 22. Qxd3 Re1+ 23. Kh2 Qd6+ 24. g3 Qd5 25. f3 Bd7 26. Qd2 Rae8
0-1

[Event "7th team championship of Team Xlink"]
[Site "SchemingMind.com"]
[Date "2011.12.01"]
[Round "-"]
[White "jtrochez1"]
[Black "Wolli"]
[Result "1-0"]
[WhiteCountry "HON"]
[BlackCountry "GER"]
[WhiteElo "1626"]
[WhiteRD "49"]
[BlackElo "1759"]
[BlackRD "92"]
[GameID "298058"]

1. e4 d6 2. d4 Nf6 3. Nc3 g6 4. Bd3 c6 5. h3 b5 6. Nge2 Bb7 7. d5 cxd5 8. exd5 b4 9. Bb5+ Nbd7 10. Na4 Nxd5
11. O-O Bg7 12. Bd2 O-O 13. Nf4 Nxf4 14. Bxf4 Nc5 15. Nxc5 dxc5 16. Rb1 Qxd1 17. Rfxd1 Rfd8 18. b3 a6 19. Bd3 e6 20. Bc7 Rd7
21. Ba5 e5 22. f3 f5 23. Bc4+
1-0

[Event "7th team championship of Team Xlink"]
[Site "SchemingMind.com"]
[Date "2011.12.02"]
[Round "-"]
[White "jtrochez1"]
[Black "michalis"]
[Result "0-1"]
[WhiteCountry "HON"]
[BlackCountry "GRE"]
[WhiteElo "1625"]
[WhiteRD "51"]
[BlackElo "2029"]
[BlackRD "87"]
[GameID "298059"]

1. e4 c5 2. Nf3 d6 3. h3 Nc6 4. d4 cxd4 5. Nxd4 Nf6 6. Nc3 e6 7. Nb3 Be7 8. a3 O-O 9. Bd3 a6 10. O-O Qc7
11. Ne2 e5 12. Ng3 Be6 13. c3 Rfd8 14. Qc2 d5 15. Be3 dxe4 16. Nxe4 Rxd3 17. Qxd3 Bxb3 18. Nd2 Be6 19. Bg5 Rd8 20. Qc2 Nd4
21. Qd1 Nb3 22. Bxf6 Bxf6 23. Qe2 Rxd2 24. Qf3 Nxa1 25. Rxa1 Rxb2 26. a4 Qc6 27. Qxc6 bxc6 28. Rd1 Be7
0-1

[Event "7th team championship of Team Xlink"]
[Site "SchemingMind.com"]
[Date "2011.12.01"]
[Round "-"]
[White "reptile"]
[Black "jtrochez1"]
[Result "1-0"]
[WhiteCountry "ISR"]
[BlackCountry "HON"]
[WhiteElo "2069"]
[WhiteRD "113"]
[BlackElo "1625"]
[BlackRD "51"]
[GameID "298060"]

1. e4 e5 2. f4 Nc6 3. Nf3 d6 4. Bc4 Bg4 5. O-O Qe7 6. c3 a6 7. d4 exd4 8. cxd4 Nxd4 9. Nbd2 Nxf3+ 10. Nxf3 Be6
11. Bd5 Bxd5 12. exd5 O-O-O 13. b4 f6 14. b5 axb5 15. a4 Qd7 16. axb5 Qxb5 17. Re1 Ne7 18. Nd4 g6 19. Nxb5
1-0

[Event "7th team championship of Team Xlink"]
[Site "SchemingMind.com"]
[Date "2011.12.05"]
[Round "-"]
[White "Mel-o-rama"]
[Black "jtrochez1"]
[Result "1-0"]
[WhiteCountry "USA"]
[BlackCountry "HON"]
[WhiteElo "1773"]
[WhiteRD "89"]
[BlackElo "1452"]
[BlackRD "53"]
[GameID "298061"]

1. e4 e5 2. Bc4 Nc6 3. Nf3 h6 4. O-O d6 5. h3 Be6 6. Bxe6 fxe6 7. d4 exd4 8. Nxd4 Nxd4 9. Qxd4 Qf6 10. Qa4+ c6
11. Nc3 Qe5 12. Be3 a6 13. f4 Qh5 14. f5 b5 15. Qb3 e5 16. a4 Qf7 17. Qxf7+ Kxf7 18. axb5 cxb5 19. Nxb5 Rd8 20. Rxa6 Rd7
21. Ra7 Rxa7 22. Bxa7 Nf6 23. Re1 Be7 24. c3 g5 25. g4 h5 26. gxh5 Nxh5 27. Kh2 Nf4 28. Re3 g4 29. Rg3 Nxh3 30. Kg2 Nf4+
31. Kf1 Rh4 32. Bb8 Nh5 33. Rg2 Nf4 34. Rg1 Nd3 35. Nxd6+ Bxd6 36. Bxd6 Nxb2 37. Bxe5 Nd3 38. Bd4 Nb2 39. e5
1-0

[Event "7th team championship of Team Xlink"]
[Site "SchemingMind.com"]
[Date "2011.12.01"]
[Round "-"]
[White "sibelius"]
[Black "jtrochez1"]
[Result "1-0"]
[WhiteCountry "USA"]
[BlackCountry "HON"]
[WhiteElo "2364"]
[WhiteRD "73"]
[BlackElo "1625"]
[BlackRD "51"]
[GameID "298062"]

1. e4 e5 2. Nf3 Nc6 3. d4 exd4 4. Bc4 h6 5. Nxd4 Nxd4 6. Qxd4 Ne7 7. O-O d6 8. Re1 Nc6 9. Qc3 Ne5 10. Be2 Bg4
11. Bxg4 Nxg4 12. h3 Ne5 13. f4 Nc6 14. Qb3 Qc8 15. Nc3 Nd4 16. Qa4+ Nc6 17. b4 Qd7 18. Nd5 Nd4 19. Nxc7+ Kd8 20. Qxd7+ Kxd7
21. Nxa8 Nxc2 22. Bd2 Nxe1 23. Rc1 Be7 24. Rc7+ Ke6 25. f5+
1-0

[Event "7th team championship of Team Xlink"]
[Site "SchemingMind.com"]
[Date "2011.12.01"]
[Round "-"]
[White "Wolli"]
[Black "jtrochez1"]
[Result "1/2-1/2"]
[WhiteCountry "GER"]
[BlackCountry "HON"]
[WhiteElo "1759"]
[WhiteRD "92"]
[BlackElo "1626"]
[BlackRD "49"]
[GameID "298063"]

1. c4 e5 2. g3 Bc5 3. Bg2 Qf6 4. e3 c6 5. Ne2 Ne7 6. Nbc3 Bb6 7. O-O O-O 8. d4 exd4 9. exd4 d5 10. cxd5 cxd5
11. Be3 Be6 12. Nf4 g6 13. Nfxd5 Nxd5 14. Nxd5 Bxd5 15. Bxd5 Nc6 16. Bxc6 bxc6 17. Qa4 Rfd8 18. Rad1 Rd5 19. Rd2 Bc7 20. Rfd1 Bb6
21. Qa6 Rad8 22. Qa4 Qd6 23. a3=
1/2-1/2

[Event "7th team championship of Team Xlink"]
[Site "SchemingMind.com"]
[Date "2011.12.03"]
[Round "-"]
[White "michalis"]
[Black "jtrochez1"]
[Result "1-0"]
[WhiteCountry "GRE"]
[BlackCountry "HON"]
[WhiteElo "2029"]
[WhiteRD "87"]
[BlackElo "1625"]
[BlackRD "51"]
[GameID "298064"]

1. d4 d5 2. c4 e6 3. Nc3 Bb4 4. Nf3 Nd7 5. cxd5 exd5 6. Qb3 Bxc3+ 7. bxc3 c6 8. Ba3 h6 9. e3 Ne7 10. Bd3 b6
11. O-O O-O 12. Rfe1 c5 13. Bc2 c4 14. Qa4 Re8 15. e4 a6 16. exd5 b5 17. Bxe7 Rxe7 18. Qa3 Rxe1+ 19. Rxe1 Nf8 20. Be4 Ra7
21. d6 Rd7 22. Ne5 Rxd6 23. Nc6 Qd7 24. Ne7+ Kh8 25. Nxc8
1-0